Statistics for Countries that are 2 Borders away from Egypt

Click here to take the quiz!

General Stats

  • This quiz has been taken 62 times
  • The average score is 10 of 11

Answer Stats

Answer% Correct
South Sudan
100%
Jordan
97%
Chad
95%
Eritrea
95%
Ethiopia
95%
Syria
95%
Tunisia
95%
Lebanon
91%
Algeria
88%
Niger
88%
Central African Republic
78%

Score Distribution

Percentile by Number Answered

Percent of People with Each Score

Your Score History

You have not taken this quiz